|
|
|
|
| LEADER |
00000nam a22000007a 4500 |
| 005 |
20201116234914.0 |
| 007 |
cr|||| |||| |
| 008 |
201116s2020 es |||||s|||| 00||0 fr d |
| 020 |
|
|
|a 978-84-1324-809-7
|
| 035 |
|
|
|a 32149
|
| 040 |
|
|
|a vLex
|
| 090 |
|
|
|c 10869
|d 10869
|
| 100 |
1 |
|
|a Cordero Ramos, Nuria
|
| 245 |
1 |
3 |
|a Les migrations, la traite des personnes et les vulnřabilitš transfrontalir̈es
|h [Recurso electrn̤ico] :
|b Approches du point de vue des droits de l'homme /
|c Nuria Cordero Ramos, Pilar Cruz Zį︢ga
|
| 256 |
|
|
|a Servicio en ln̕ea
|
| 260 |
|
|
|a Madrid:
|b Dykinson,
|c 2020
|
| 300 |
|
|
|a 1 recurso electrn̤ico
|
| 506 |
1 |
|
|a Disponible solo en los productos indicados
|d vLex Global
|d vLex Global (Academic Edition, excluding Law Schools)
|d vLex Global (U.S. Academic Edition, Law Schools)
|d vLex Global (U.S. Academic Edition, excluding Law Schools)
|d vLex Global (Academic Edition, Law Schools)
|
| 650 |
0 |
4 |
|a Derecho Constitucional
|z Espaą
|
| 700 |
1 |
|
|a Cruz Zį︢ga, Pilar
|
| 740 |
0 |
|
|a vLex Libros (Servicio en ln̕ea)
|
| 856 |
4 |
0 |
|u http://vlex.com/source/migrations-traite-personnes-vulnerabilites-transfrontalieres-approches-point-vue-droits-l-homme-32149
|z Acceso restringido
|
| 942 |
|
|
|c BOOK
|
| 999 |
0 |
|
|a Constitutional right
|